000 00238nam a22000857a 4500
008 161206b xxu||||| |||| 00| 0 eng d
100 _91823
_aMittal. R. S
245 _aNew course science: physics -3
260 _aNew delhi
_bArya publication
_c2007
999 _c4563
_d4563